Luật điền kinh
Quyền hạn, nhiệm vụ của vận động viên và đội trưởng, ban trọng tài. Thiết bị sân bãi, dụng cụ thi đấu, luật thi đấu các môn thể thao: chạy, đi bộ thể thao, nhảy, ném, đẩy, nhiều môn phối hợp
Gespeichert in:
| Format: | Buch |
|---|---|
| Sprache: | Vietnamese |
| Veröffentlicht: |
H.
Thể dục thể thao
1985
|
| Schlagworte: | |
| Tags: |
Tag hinzufügen
Keine Tags, Fügen Sie den ersten Tag hinzu!
|
| Thư viện lưu trữ: | Mạng thư viện Đại học Đà Nẵng |
|---|
| LEADER | 01219nam a2200313 4500 | ||
|---|---|---|---|
| 001 | 000009461 | ||
| 003 | 5658 | ||
| 005 | 20111027151010.0 | ||
| 008 | 111027s1985 viesd | ||
| 041 | 0 | |a vie | |
| 082 | |a 796.42 |b Lua | ||
| 245 | 0 | |a Luật điền kinh | |
| 260 | |a H. |b Thể dục thể thao |c 1985 | ||
| 300 | |a 163tr |c 19 cm | ||
| 500 | |a ĐTTS ghi: Tổng cục thể dục thể thao | ||
| 520 | |a Quyền hạn, nhiệm vụ của vận động viên và đội trưởng, ban trọng tài. Thiết bị sân bãi, dụng cụ thi đấu, luật thi đấu các môn thể thao: chạy, đi bộ thể thao, nhảy, ném, đẩy, nhiều môn phối hợp | ||
| 653 | |a Điền kinh | ||
| 653 | |a Luật | ||
| 910 | |a Võ Quang Huy |d 27/10/2011 | ||
| OWN | |a LSP | ||
| AVA | |a UDN50 |b LSP |d 796.42 Lua |e available |t Error 5001 Not defined in file expand_doc_bib_avail. |f 2 |g 1 |h N |i 0 |k 1 | ||
| 999 | |a From the UDN01 | ||
| AVA | |a UDN50 |b LSP |d 796.42 Lua |e available |t Error 5001 Not defined in file expand_doc_bib_avail. |f 2 |g 1 |h N |i 0 |k 1 | ||
| TYP | |a Monograph | ||
| TYP | |a Printed language | ||
| 980 | |a Mạng thư viện Đại học Đà Nẵng | ||